Zwycięzcy Plebiscytu na Najlepszego Polskiego Sportowca Roku - Statystyki

Ogólne statystyki
  • Ten quiz został rozwiązany 1 451 razy
    581 od ostatniego zresetowania
  • Średni wynik to 15 z 60
Statystyki odpowiedzi
Sportowiec % Poprawnych
Robert Lewandowski
99%
Iga Świątek
95%
Kamil Stoch
93%
Adam Małysz
92%
Robert Kubica
89%
Bartosz Kurek
85%
Justyna Kowalczyk
84%
Bartosz Zmarzlik
82%
Anita Włodarczyk
71%
Otylia Jędrzejczak
67%
Tomasz Gollob
61%
Zbigniew Boniek
60%
Irena Szewińska
58%
Robert Korzeniowski
46%
Paweł Nastula
35%
Renata Mauer
28%
Ryszard Szurkowski
27%
Władysław Kozakiewicz
26%
Stanisław Marusarz
23%
Andrzej Grubba
22%
Janusz Kusociński
18%
Rafał Kubacki
17%
Halina Konopacka
16%
Sobiesław Zasada
14%
Waldemar Baszanowski
13%
Andrzej Wroński
12%
Józef Łuszczek
11%
Stanisława Walasiewicz
11%
Wacław Kuchar
11%
Waldemar Legień
11%
Janusz Pyciak-Peciak
10%
Jadwiga Jędrzejowska
9%
Jerzy Pawłowski
8%
Joachim Halupczok
8%
Witold Woyda
8%
Lech Piasecki
7%
Wanda Panfil
7%
Janusz Sidło
6%
Józef Szmidt
6%
Marek Dopierała
6%
Marek Łbik
6%
Zdzisław Krzyszkowiak
6%
Irena Kirszenstein
5%
Roger Verey
5%
Teresa Ciepły
5%
Zdzisław Hoffmann
5%
Zygmunt Chychła
5%
Aleksy Antkiewicz
4%
Andrzej Malina
4%
Elżbieta Krzesińska
4%
Zygmunt Smalcerz
4%
Helena Rakoczy
3%
Ireneusz Paliński
3%
Jan Jankiewicz
3%
Leszek Drogosz
3%
Teresa Sukniewicz
3%
Edmund Piątkowski
2%
Ryszard Parulski
2%
Stanisław Petkiewicz
2%
Zdobysław Stawczyk
1%
Nie znaleziono quizów pasujących do podanych kryteriów
Rozkład punktacji
Procent ludzi z każdym wynikiem
Percentyl według liczby udzielonych odpowiedzi
Twoja historia wyników
Nie rozwiązałeś tego quizu od ostatniego zresetowania